<?xml version="1.0" encoding="UTF-8"?>
<record
    xmlns:xsi="http://www.w3.org/2001/XMLSchema-instance"
    xsi:schemaLocation="http://www.loc.gov/MARC21/slim http://www.loc.gov/standards/marcxml/schema/MARC21slim.xsd"
    xmlns="http://www.loc.gov/MARC21/slim">

  <leader>00666nam a22002177a 4500</leader>
  <datafield tag="999" ind1=" " ind2=" ">
    <subfield code="c">182090</subfield>
    <subfield code="d">182090</subfield>
  </datafield>
  <controlfield tag="005">20220216155150.0</controlfield>
  <datafield tag="010" ind1=" " ind2=" ">
    <subfield code="a">ENG-130056</subfield>
  </datafield>
  <datafield tag="020" ind1=" " ind2=" ">
    <subfield code="a">978-93-90122-55-4</subfield>
    <subfield code="c">425.00</subfield>
  </datafield>
  <datafield tag="035" ind1=" " ind2=" ">
    <subfield code="a">EN-113588</subfield>
  </datafield>
  <datafield tag="037" ind1=" " ind2=" ">
    <subfield code="b">DBAD/PUB</subfield>
  </datafield>
  <datafield tag="082" ind1=" " ind2=" ">
    <subfield code="a">954.035</subfield>
  </datafield>
  <datafield tag="100" ind1=" " ind2=" ">
    <subfield code="a">Chandra,Bipan</subfield>
  </datafield>
  <datafield tag="245" ind1=" " ind2=" ">
    <subfield code="a">History of Modern India: </subfield>
    <subfield code="c">by Bipan Chandra</subfield>
  </datafield>
  <datafield tag="250" ind1=" " ind2=" ">
    <subfield code="a">2020</subfield>
  </datafield>
  <datafield tag="260" ind1=" " ind2=" ">
    <subfield code="b">Orient Blackswan</subfield>
    <subfield code="c">2020</subfield>
    <subfield code="a">India</subfield>
  </datafield>
  <datafield tag="270" ind1=" " ind2=" ">
    <subfield code="a">3-6-752 Himayatnagar</subfield>
    <subfield code="e">500029</subfield>
    <subfield code="b">Hyderabad</subfield>
    <subfield code="m">centraloffice@orientblackswan.com</subfield>
  </datafield>
  <datafield tag="300" ind1=" " ind2=" ">
    <subfield code="a">vi,351p.</subfield>
    <subfield code="c">20cm (pbk)</subfield>
  </datafield>
  <datafield tag="500" ind1=" " ind2=" ">
    <subfield code="a">Include index
</subfield>
  </datafield>
  <datafield tag="700" ind1=" " ind2=" ">
    <subfield code="a"> Kannabiran  Vasanth , kannabiran  Kalpana </subfield>
  </datafield>
  <datafield tag="942" ind1=" " ind2=" ">
    <subfield code="2">ddc</subfield>
    <subfield code="c">EN</subfield>
    <subfield code="h">954.035</subfield>
    <subfield code="m">CHA</subfield>
  </datafield>
  <datafield tag="952" ind1=" " ind2=" ">
    <subfield code="0">0</subfield>
    <subfield code="1">0</subfield>
    <subfield code="4">0</subfield>
    <subfield code="7">0</subfield>
    <subfield code="a">AV</subfield>
    <subfield code="b">AV</subfield>
    <subfield code="d">2021-10-22</subfield>
    <subfield code="e">DBAD/PUB</subfield>
    <subfield code="g">425.00</subfield>
    <subfield code="l">10</subfield>
    <subfield code="m">0</subfield>
    <subfield code="o">954.035 CHA</subfield>
    <subfield code="p">EN-113588</subfield>
    <subfield code="r">2026-06-15 11:58:25</subfield>
    <subfield code="s">2026-06-15</subfield>
    <subfield code="t">1</subfield>
    <subfield code="v">425.00</subfield>
    <subfield code="y">EN</subfield>
  </datafield>
</record>
